书目信息 |
| 题名: |
北京最美的乡村休闲攻略
|
|
| 作者: | ;北京市农村工作委员会 著 | |
| 分册: | ||
| 出版信息: | 北京 五洲传播出版社 2017.1 |
|
| 页数: | 337页 | |
| 开本: | 19cm | |
| 丛书名: | ||
| 单 册: | ||
| 中图分类: | K928.91 | |
| 科图分类: | ||
| 主题词: | 乡村--旅游指南--北京--汉、英 | |
| 电子资源: | ||
| ISBN: | 978-7-5085-3614-9 | |
| 000 | 01157nam0 2200229 45 | |
| 001 | 012001003316 | |
| 005 | 20140926114739.0 | |
| 010 | @a978-7-5085-3614-9@dCNY38.00 | |
| 100 | @a20170112d2017 em y0chiy0110 ea | |
| 101 | 0 | @achi@aeng |
| 102 | @aCN@b110000 | |
| 105 | @ay z 000yy | |
| 106 | @ar | |
| 200 | 1 | @a北京最美的乡村休闲攻略@9bei jing zui mei de xiang cun xiu xian gong lue@f北京市农村工作委员会著 |
| 210 | @a北京@c五洲传播出版社@d2017.1 | |
| 215 | @a337页@d19cm | |
| 330 | @a着眼首都北京农村发展特点,顺应新的发展趋势,由市委农工委、市农委、市旅游委、首都文明办、市文化局、市园林绿化局共同主办的“寻找‘北京最美的乡村’宣传评选活动”于2006 年应运而生,每年都吸引数百万市民参与其中。截至目前,已有73 个村获得了“北京最美的乡村”荣誉称号。为了满足广大市民节假日到京郊休闲体验对美丽乡村旅游资讯的需求,以“北京最美的乡村”为主体,活动组委会精心策划并组织作者在亲身体验的基础上撰写了这本《北京最美的乡村休闲攻略》。 | |
| 606 | 0 | @a乡村@x旅游指南@x北京@x汉、英 |
| 690 | @aK928.91@v5 | |
| 711 | 02 | @a北京市农村工作委员会@9bei jing shi nong cun gong zuo wei yuan hui@4著 |
| 801 | 0 | @aCN@b上海新华@c20180901 |
| 905 | @b1154268-72@dK928.91@e1096@f5 | |
| 北京最美的乡村休闲攻略/北京市农村工作委员会著.-北京:五洲传播出版社,2017.1 |
| 337页;19cm |
| ISBN 978-7-5085-3614-9:CNY38.00 |
| 着眼首都北京农村发展特点,顺应新的发展趋势,由市委农工委、市农委、市旅游委、首都文明办、市文化局、市园林绿化局共同主办的“寻找‘北京最美的乡村’宣传评选活动”于2006 年应运而生,每年都吸引数百万市民参与其中。截至目前,已有73 个村获得了“北京最美的乡村”荣誉称号。为了满足广大市民节假日到京郊休闲体验对美丽乡村旅游资讯的需求,以“北京最美的乡村”为主体,活动组委会精心策划并组织作者在亲身体验的基础上撰写了这本《北京最美的乡村休闲攻略》。 |
| ● |
| 相关链接 |
|
|
|
|
正题名:北京最美的乡村休闲攻略
索取号:K928.91/1096
 
预约/预借
| 序号 | 登录号 | 条形码 | 馆藏地/架位号 | 状态 | 备注 |
| 1 | 1154268 | 211542687 | 第二样本阅览室/ [索取号:K928.91/1096] | 在馆 | |
| 2 | 1154269 | 211542696 | 第二借阅区/ [索取号:K928.91/1096] | 在馆 | |
| 3 | 1154270 | 211542703 | 密集书库-资源管理系/ [索取号:K928.91/1096] | 在馆 | |
| 4 | 1154271 | 211542712 | 第二借阅区/ [索取号:K928.91/1096] | 在馆 | |
| 5 | 1154272 | 211542721 | 第二借阅区/ [索取号:K928.91/1096] | 在馆 |